| 000 | 00558nam a22001937a 4500 | ||
|---|---|---|---|
| 003 | OSt | ||
| 005 | 20210426082418.0 | ||
| 008 | 210211s1967 ||||| |||| 00| 0 eng d | ||
| 040 |
_aeng _beng _cDLC |
||
| 041 | _aeng | ||
| 080 |
_a821.111 _bM-91 |
||
| 100 |
_9839 _aMoyes, Patricia |
||
| 245 |
_aMurder Fantastical _c/ by: Holt, Rinehart and Winston |
||
| 260 |
_aNew York _bHolt, Rinehart and Winston _c1967 |
||
| 300 | _a254 p. | ||
| 650 | 0 |
_9254 _aEnglish literature |
|
| 653 | _aინგლისური ლიტერატურა | ||
| 942 |
_2udc _cBK |
||
| 999 |
_c1353 _d1353 |
||